00299nam a2200109Ia 4500082001200000100002400012245004300036260003700079300002200116650003400138710001700172 aTR.0276 aRetnaraj, G. Hudson 0aHistory of Malabar (from 1919 to 1947) c1985bMadurai Kamaraj University a244p. + C D - 32 aMALABAR - HISTORY - 1919-1947 aSobhanan, B.